[Event "34th OFSz Mayor's Cup"]
[Site "Zabrze POL"]
[Date "2011.09.25"]
[Round "4.3"]
[White "Juroszek,T"]
[Black "Kastelik,A"]
[Result "0-1"]
[WhiteElo "2335"]
[BlackElo "2048"]

1.c4 c6 2.e4 d5 3.exd5 cxd5 4.cxd5 Nf6 5.Nc3 Nxd5 6.Nf3 Nc6 7.Bc4 e6 8.O-O Be7
9.d4 O-O 10.Re1 b6 11.Nxd5 exd5 12.Bb5 Bb7 13.Bf4 Rc8 14.Bd3 Bd6 15.Bxh7+ Kxh7
16.Ng5+ Kg6 17.Qd3+ f5 18.Re6+ Rf6 19.Rxd6 Rxd6 20.Qg3 Kh5 21.Nf7 Nxd4 22.Qh3+ Qh4
23.Qxh4+ Kxh4 24.Nxd6 Ne2+ 25.Kh1 Nxf4 26.Nxc8 Bxc8 27.g3+ Kg4 28.gxf4 Kf3
29.Kg1 Ke2 30.Rc1 Ba6 31.Rc2+ Ke1 32.Rc1+ Ke2 33.Rc7 d4 34.Re7+ Kf3 35.Rxg7 d3
36.Rd7 Ke2 37.Re7+ Kd1 38.h4 d2 39.h5 Kc2 40.Rc7+ Bc4 41.Rxc4+ Kd3 42.Rc3+ Kd4
43.Rh3 d1=Q+ 44.Kh2 Qe2 45.h6 Qxf2+ 46.Kh1 Qf1+ 47.Kh2 Qxf4+  0-1

[Event "16th ECC w"]
[Site "Rogaska Slatina SLO"]
[Date "2011.09.30"]
[Round "6.2"]
[White "Javakhishvili,L"]
[Black "Girya,O"]
[Result "1-0"]
[WhiteElo "2464"]
[BlackElo "2390"]

1.c4 c6 2.Nf3 d5 3.e3 Nf6 4.Nc3 g6 5.cxd5 cxd5 6.Bb5+ Nbd7 7.d4 Bg7 8.Qb3 e6
9.O-O O-O 10.Bd3 b6 11.Bd2 a6 12.Rfc1 Bb7 13.Na4 Ra7 14.Bb4 Re8 15.Bd6 Ba8
16.Qc2 b5 17.Nc5 Nb6 18.Bg3 Nc4 19.a4 bxa4 20.Rxa4 Nd7 21.Rxa6 Rxa6 22.Nxa6 e5
23.dxe5 Qb6 24.b3 Ncxe5 25.Nxe5 Nxe5 26.Bb5 Rf8 27.Qc5 Qa5 28.Nc7 Qd2 29.Qc2 Qb4
30.h3 Bb7 31.f4 d4 32.fxe5 dxe3 33.Kh2 h5 34.Qc4 Qe7 35.Nd5 Qg5 36.h4 Qd8
37.Nxe3 Bh6 38.Rd1 Qa8 39.Bf4  1-0

[Event "16th ECC w"]
[Site "Rogaska Slatina SLO"]
[Date "2011.10.01"]
[Round "7.4"]
[White "Fierro Baquero,M"]
[Black "Dimitrijevic,A"]
[Result "1/2-1/2"]
[WhiteElo "2378"]
[BlackElo "2287"]

1.c4 c6 2.g3 e5 3.Bg2 d6 4.d4 Qc7 5.Nc3 f5 6.e4 Nf6 7.exf5 Bxf5 8.Qe2 Be7
9.Nf3 Nbd7 10.O-O O-O 11.h3 Rae8 12.Nh4 Be6 13.d5 Bf7 14.Be3 a6 15.dxc6 bxc6
16.Nf5 Bd8 17.Rac1 Re6 18.Rfd1 Ne8 19.Qg4 Kh8 20.Ne4 Ndf6 21.Nxf6 Rxf6 22.Nh4 Be6
23.Qh5 Kg8 24.Qe2 Qd7 25.Nf3 Qc8 26.Ng5 Rxf2 27.Bxf2 Bxg5 28.Be3 Bxe3+ 29.Qxe3 Bxh3
30.Rf1 Nf6 31.c5 Bxg2 32.Kxg2 d5 33.Qxe5 Re8 34.Qf4 Re4 35.Qf2 h5 36.Rce1 Rg4
37.Qf5 Qb8 38.Qe5 Qxe5 39.Rxe5 Rc4 40.Re7 Rxc5 41.Rc7 d4 42.Rd1 Rc2+ 43.Kf3 Rxb2
44.Rxd4 Rxa2 45.Rxc6 Kf7 46.Rb4 Ra3+ 47.Kg2 Ra2+ 48.Kf3 Ra3+ 49.Kg2 Ra2+
50.Kf3 Ra3+ 51.Kg2  1/2-1/2

[Event "16th ECC w"]
[Site "Rogaska Slatina SLO"]
[Date "2011.10.01"]
[Round "7.2"]
[White "Lahno,Kateri"]
[Black "Munguntuul,B"]
[Result "1-0"]
[WhiteElo "2554"]
[BlackElo "2465"]

1.c4 c6 2.e4 d5 3.exd5 cxd5 4.cxd5 Nf6 5.Nc3 Nxd5 6.Nf3 Nxc3 7.bxc3 Qc7 8.d4 g6
9.Bd2 Bg7 10.Bd3 O-O 11.O-O Nc6 12.Rc1 Be6 13.Ng5 Bxa2 14.Ra1 Bd5 15.Nxh7 Bxg2
16.Kxg2 Kxh7 17.h4 Qd6 18.h5 Qd5+ 19.f3 f5 20.hxg6+ Kxg6 21.Qe2 Rh8 22.Rh1 Qd6
23.Qe3 e6 24.Bc4 Kf7 25.Rae1 Rae8 26.Rxh8 Bxh8 27.Qg5 Nd8 28.Qxf5+ Kg8 29.Qg6+ Kf8
30.Bh6+ Ke7 31.Qh7+ Kf6 32.Re5 Nf7 33.Rf5+  1-0

[Event "8th Highlands Open"]
[Site "Zdar nad Sazavou CZE"]
[Date "2011.10.01"]
[Round "9"]
[White "Bradac,R"]
[Black "Karhanek,P"]
[Result "0-1"]
[WhiteElo "2038"]
[BlackElo "2155"]

1.c4 c6 2.Nf3 d5 3.e3 Nf6 4.Nc3 a6 5.a4 e6 6.d4 c5 7.Be2 Nc6 8.O-O Be7 9.dxc5 Bxc5
10.cxd5 exd5 11.Qb3 Qb6 12.Qxb6 Bxb6 13.Rd1 Nb4 14.a5 Bd8 15.Nd4 O-O 16.Bf3 Re8
17.Ra4 Be7 18.Na2 Nc6 19.Nxc6 bxc6 20.e4 dxe4 21.Bxe4 Nxe4 22.Rxe4 Bf5 23.Re5 Be6
24.Be3 Bxa2  0-1

[Event "Belgrade Premier League 2011"]
[Site "Belgrade SRB"]
[Date "2011.10.02"]
[Round "2.5"]
[White "Dudukovic,N"]
[Black "Kostic,Mil"]
[Result "1/2-1/2"]
[WhiteElo "2252"]
[BlackElo "2283"]

1.c4 c6 2.Nf3 Nf6 3.g3 d5 4.Bg2 g6 5.O-O Bg7 6.d4 O-O 7.Nc3 dxc4 8.e4 b5
9.a3 Bb7 10.Qc2 Nbd7 11.Re1 Nb6 12.Bg5 a5 13.e5 Nfd5 14.Ne4 h6 15.Bd2 Na4
16.h4 Bc8 17.h5 Bf5 18.hxg6 fxg6 19.Nh4 e6 20.Qc1 Kh7 21.Nxf5 gxf5 22.Nd6 Qb6
23.Be3 Nxe3 24.fxe3 Ra7 25.Qc2 c5 26.Rad1 cxd4 27.exd4 Rc7 28.Kh2 c3 29.b3 Nb2
30.Rb1 Qxd4 31.Nxb5 Qd2 32.Qxd2 cxd2 33.Nxc7 dxe1=Q 34.Rxe1 Nd3 35.Rd1 Nxe5  1/2-1/2

[Event "Belgrade Premier League 2011"]
[Site "Belgrade SRB"]
[Date "2011.10.02"]
[Round "2.1"]
[White "Cvetkovic,Sr"]
[Black "Simic,R"]
[Result "1/2-1/2"]
[WhiteElo "2406"]
[BlackElo "2380"]

1.c4 c6 2.Nf3 Nf6 3.g3 g6 4.b3 Bg7 5.Bb2 O-O 6.Bg2 d5 7.O-O Bf5 8.d3 Qc8
9.Nbd2 Bh3 10.cxd5 Bxg2 11.Kxg2 cxd5  1/2-1/2

[Event "Tatry Open"]
[Site "Tatranske Zruby SVK"]
[Date "2011.10.02"]
[Round "9.45"]
[White "Koval,Dan"]
[Black "Szaraz,V"]
[Result "1-0"]
[WhiteElo "2093"]
[BlackElo "1899"]

1.c4 c6 2.Nf3 d5 3.cxd5 cxd5 4.d4 e6 5.Nc3 Nf6 6.Bg5 Be7 7.e3 Nc6 8.Be2 Bd7
9.O-O O-O 10.Rc1 a6 11.Na4 Ne4 12.Bxe7 Qxe7 13.Nb6 Rad8 14.a3 Be8 15.b4 Qd6
16.Na4 Na7 17.Nc5 Nxc5 18.bxc5 Qc7 19.Qb3 Nc6 20.Rb1 Rb8 21.Qb6 Qe7 22.Rb2 f6
23.Nd2 e5 24.Nb3 exd4 25.Nxd4 Nxd4 26.exd4 Bc6 27.Bd3 Rbc8 28.Qb3 f5 29.Re2 Qf6
30.Re5 g6 31.Rfe1 Rcd8 32.Qb4 Rc8 33.f4 Rfd8 34.g3 Qf8 35.Bf1 Re8 36.Bg2 Rxe5
37.Rxe5 Rd8 38.Qb3 Qf7 39.Qe3 a5 40.Re7 Qf6 41.Kf2 a4 42.Qe5 Qxe5 43.fxe5 h6
44.Re6 Kf7 45.Rf6+ Kg7 46.Rd6 Rxd6 47.cxd6 Kf7 48.Ke3 g5 49.Bf3 Ke6 50.Kd2 Be8
51.Kc3 h5 52.Kb4 b6 53.Be2 h4 54.gxh4 gxh4 55.Kc3 Bc6 56.Kd2 Be8 57.Ke3 Bd7
58.Bd1 Kf7 59.Kf4 b5 60.Kg5 h3 61.Bh5+ Kg7 62.Bf3 Be6 63.Bxd5 Kf7 64.d7  1-0

[Event "Oslo GM Open"]
[Site "Oslo NOR"]
[Date "2011.10.03"]
[Round "2.3"]
[White "Kulaots,K"]
[Black "Houska,Jo"]
[Result "1/2-1/2"]
[WhiteElo "2592"]
[BlackElo "2427"]

1.c4 c6 2.Nf3 d5 3.e3 Nf6 4.Nc3 a6 5.Qc2 g6 6.d4 b5 7.cxd5 cxd5 8.Ne5 e6
9.Bd3 Bb7 10.O-O Be7 11.a4 b4 12.Ne2 a5 13.Nf4 O-O 14.Bb5 Nbd7 15.Nxd7 Nxd7
16.Qe2 Rc8 17.Bd2 Nf6 18.f3 Qb6 19.Rfc1 Rxc1+ 20.Rxc1 Rc8 21.Rxc8+ Bxc8 22.Be1 Qc7
23.Bg3 Bd6 24.Qd3 Bd7 25.Bxd7 Nxd7 26.b3 Nb6 27.Kf2 Nd7  1/2-1/2

[Event "Oslo GM Open"]
[Site "Oslo NOR"]
[Date "2011.10.06"]
[Round "6.19"]
[White "Hanssen,G"]
[Black "Houska,Jo"]
[Result "0-1"]
[WhiteElo "2217"]
[BlackElo "2427"]

1.c4 c6 2.Nf3 d5 3.d4 Nf6 4.e3 Bf5 5.cxd5 cxd5 6.Qb3 Qc7 7.Bd2 e6 8.Bb5+ Nc6
9.O-O Bd6 10.Bb4 O-O 11.Bxd6 Qxd6 12.Nbd2 Rfc8 13.Rfc1 Nd7 14.h3 h6 15.Rc3 Rc7
16.Rac1 Rac8 17.Qa3 Qxa3 18.bxa3 a6 19.a4 Nb6 20.Bxc6 Nxa4 21.Ra3 b5 22.g4 Bh7
23.Nb3 Rxc6 24.Rxc6 Rxc6 25.Nc5 Bc2 26.Ne5 Rc8 27.Nxa6 Be4 28.f3 Rc1+ 29.Kf2 Bb1
30.Nc5 f6 31.Ned7 Rc2+ 32.Kg3 Rxa2 33.Rb3 Rb2 34.Ra3 Bc2 35.Nxe6 b4 36.Ra1 Rb1
37.Ra2 Bb3 38.Rd2 Bc4 39.Nec5 Nc3 40.Nb6 b3 41.Nba4 Rc1 42.h4 Rc2 43.Nxb3 Rxd2
44.Nxd2 Nxa4 45.e4 Nc3 46.exd5 Bxd5 47.Kf4 Kf7 48.h5 Nb5 49.Ke3 Na3 50.Kd3 Ke6
51.f4 Nb5 52.Nf1 Nd6 53.Ne3 Be4+ 54.Kc3 Bf3 55.f5+ Kd7 56.Kd3 Kc6 57.Kd2 Kb5
58.Ke1 Nc4  0-1

[Event "1st Qinhuangdao Open"]
[Site "Qinhuangdao CHN"]
[Date "2011.10.06"]
[Round "8"]
[White "Zhao Jun"]
[Black "Bu Xiangzhi"]
[Result "1/2-1/2"]
[WhiteElo "2587"]
[BlackElo "2666"]

1.c4 c6 2.Nf3 Nf6 3.Nc3 d5 4.e3 g6 5.d4 Bg7 6.h3 O-O 7.Bd3 e6 8.O-O b6 9.b3 Bb7
10.Ba3 Re8 11.Rc1 Nbd7 12.Bd6 a6 13.Bh2 c5 14.cxd5 exd5 15.Ne5 Rc8 16.Be2 b5
17.Nxd7 Qxd7 18.dxc5 Rxc5 19.Bf3 Qe7 20.Qd2 Rec8 21.Ne2 Ne4 22.Bxe4 dxe4
23.Rxc5 Rxc5 24.Rc1 Rxc1+ 25.Qxc1 Qd7 26.Bb8 Qc6 27.Qd2 Qd5 28.Qc1 Qc6 29.Qd2 Qd5
30.Qc1 Qc6  1/2-1/2

[Event "FSIMA Oct"]
[Site "Budapest HUN"]
[Date "2011.10.07"]
[Round "7"]
[White "Petran,Pa"]
[Black "Farago,S"]
[Result "0-1"]
[WhiteElo "2384"]
[BlackElo "2278"]

1.c4 c6 2.e4 e5 3.Nf3 d6 4.d4 Nd7 5.Nc3 Ngf6 6.Be2 Be7 7.O-O O-O 8.Qc2 a5
9.Rd1 Qc7 10.b3 Re8 11.h3 Bf8 12.Be3 g6 13.d5 Nh5 14.g3 Ng7 15.Kg2 f5 16.Nd2 c5
17.Bg5 Be7 18.Nb5 Qb6 19.Bh6 Nf6 20.f3 Qd8 21.Bd3 Qd7 22.Rh1 Rf8 23.Rae1 Rf7
24.Nf1 Nfh5 25.g4 fxg4 26.fxg4 Nf4+ 27.Bxf4 Rxf4 28.Ng3 Bh4 29.Ref1 Qe7  0-1

[Event "TCh-SWE 2011-12"]
[Site "Malmo SWE"]
[Date "2011.10.07"]
[Round "1"]
[White "Lindgren,F"]
[Black "Gajic,Ml"]
[Result "0-1"]
[WhiteElo "2193"]
[BlackElo "2275"]

1.c4 c6 2.Nf3 Nf6 3.g3 g6 4.Bg2 Bg7 5.O-O O-O 6.d4 d6 7.Nc3 a5 8.a3 Na6 9.e4 Re8
10.h3 Nd7 11.Be3 Nc7 12.Rc1 Ne6 13.Re1 Rb8 14.Bf1 Qb6 15.Na4 Qa7 16.d5 Nec5
17.Nxc5 dxc5 18.Qd2 Qb6 19.Bf4 Ra8 20.e5 Nf8 21.Rc3 Bd7 22.Kh2 Rad8 23.Rd3 Bf5
24.Rde3 cxd5 25.cxd5 Ne6 26.Bc4 Nxf4 27.gxf4 Bh6 28.Rb3 Qc7 29.Ng5 a4 30.Rg3 Bxg5
31.fxg5 Qd7 32.Qe2 Rf8 33.Rd1 Qc7 34.Bb5 Qa5 35.Rc3 b6 36.f4 Qa8 37.Bc6 Qa7
38.Qb5 Bd7 39.d6 exd6 40.Rxd6 Bxc6 41.Qxc6 Rxd6 42.exd6 Qa8 43.Qxa8 Rxa8
44.b4 cxb4 45.axb4 Kf8 46.d7 Rd8 47.Rc7 Ke7 48.Rb7 Rxd7 49.Rxb6 Ra7 50.Rc6 a3
51.Rc1 a2 52.Ra1 Ra3  0-1

[Event "TCh-SWE 2011-12"]
[Site "Malmo SWE"]
[Date "2011.10.07"]
[Round "1"]
[White "Agrest,E"]
[Black "Akesson,J"]
[Result "1-0"]
[WhiteElo "2599"]
[BlackElo "2297"]

1.c4 c6 2.Nf3 d5 3.e3 Nf6 4.Qc2 g6 5.b3 Bg7 6.Bb2 O-O 7.Be2 Nbd7 8.O-O Re8
9.d4 Ne4 10.Na3 e6 11.Rad1 a6 12.Ne5 Qe7 13.Nb1 f6 14.Nd3 Bf8 15.Rfe1 Qg7
16.f3 Nd6 17.Nf2 b5 18.Nd2 Bb7 19.e4 Rac8 20.c5 Nf7 21.b4 dxe4 22.fxe4 e5
23.Bg4 Nh6 24.Qb3+ Kh8 25.dxe5 Nxg4 26.Nxg4 Nxe5 27.Nxe5 fxe5 28.Nf3 Re7
29.Ng5 Qf6 30.Qg3 Bg7 31.Rf1  1-0

[Event "TCh-ISL Div1 2011-12"]
[Site "Reykjavik ISL"]
[Date "2011.10.08"]
[Round "2.2"]
[White "Gretarsson,Hj"]
[Black "Danielsen,Hen"]
[Result "1/2-1/2"]
[WhiteElo "2442"]
[BlackElo "2543"]

1.c4 c6 2.d4 d5 3.Nf3 Nf6 4.Qc2 dxc4 5.Qxc4 Bg4 6.Nbd2 Qd5 7.e3 Nbd7 8.b3 e6
9.Bb2 Nb6 10.Qxd5 exd5 11.Bd3 Bxf3  1/2-1/2

[Event "TCh-ISL Div1 2011-12"]
[Site "Reykjavik ISL"]
[Date "2011.10.08"]
[Round "3.1"]
[White "Karason,A"]
[Black "Arngrimsson,D"]
[Result "0-1"]
[WhiteElo "2253"]
[BlackElo "2353"]

1.c4 c6 2.d4 d5 3.Nf3 Nf6 4.e3 Bf5 5.Qb3 Qc7 6.cxd5 cxd5 7.Bd2 e6 8.Na3 a6
9.Rc1 Nc6 10.Ne5 Ne4 11.Nxc6 bxc6 12.Qa4 Nxd2 13.Rxc6 Qd7 14.Bb5 Ke7 15.Kxd2 Rb8
16.Rxa6 Qd8 17.Nb1 Kf6 18.Nc3 Kg6 19.f3 h5 20.h4 Kh7 21.Ra7 Qf6 22.Qd1 Bb4
23.a4 Rhc8 24.g4 e5 25.Ke2 hxg4 26.dxe5 gxf3+ 27.Kf2 Qxe5 28.Rxf7 Bg6 29.Bd3 Bc5
30.Bxg6+ Kxg6 31.Qxf3 Rxb2+ 32.Ne2 Qxe3+ 33.Qxe3 Kxf7 34.Qxc5 Rxc5 35.Ke3 Rc4
36.Nd4 Rxa4 37.Rf1+ Kg8 38.Rf5 Ra3+ 39.Kf4 Rf2+ 40.Ke5 Rxf5+ 41.Nxf5 Kf7
42.Kxd5 Kg6 43.Ke6 Ra6+ 44.Nd6 Kh5 45.Ke7 Rxd6  0-1

[Event "20th TCh-CRO 1a"]
[Site "Sibenik CRO"]
[Date "2011.10.08"]
[Round "5.3"]
[White "Biliskov,V"]
[Black "Kukuljan,V"]
[Result "1-0"]
[WhiteElo "2354"]
[BlackElo "1985"]

1.c4 c6 2.Nf3 d5 3.e3 Nf6 4.Nc3 Qb6 5.d4 Bg4 6.h3 Bh5 7.g4 Bg6 8.Ne5 Nbd7
9.h4 h6 10.Nxg6 fxg6 11.Qc2 O-O-O 12.cxd5 Kb8 13.Bg2 cxd5 14.g5 hxg5 15.hxg5 Rxh1+
16.Bxh1 Ne4 17.Nxd5 Qa5+ 18.Bd2 Qxd5 19.Qxe4 Qb5 20.a4 Qb3 21.Bc3 e5 22.Qd5 Qxd5
23.Bxd5 exd4 24.Bxd4 Nc5 25.Bf7 Ne4 26.f4 Bb4+ 27.Ke2 Rc8 28.Bxg6 Nd6 29.Rh1 Nc4
30.Bxg7  1-0

[Event "Continental Class Ch."]
[Site "Arlington USA"]
[Date "2011.10.09"]
[Round "6"]
[White "Mabe,C"]
[Black "Bierkens,P"]
[Result "0-1"]
[WhiteElo "2216"]
[BlackElo "2154"]

1.c4 c6 2.Nc3 d5 3.e3 Nf6 4.Nf3 e6 5.b3 Nbd7 6.Qc2 Bd6 7.Bb2 O-O 8.Be2 Re8
9.g4 Ne5 10.Nxe5 Bxe5 11.f4 Bxc3 12.Bxc3 Ne4 13.g5 Nxc3 14.Qxc3 e5 15.cxd5 cxd5
16.Bb5 d4 17.Qc5 dxe3 18.dxe3 Bd7 19.Bxd7 Qxd7 20.O-O Rac8 21.Qb4 Qg4+ 22.Kh1 Rc2  0-1

[Event "Continental Class Ch."]
[Site "Arlington USA"]
[Date "2011.10.09"]
[Round "6"]
[White "Shahade,G"]
[Black "Enkhbat,T1"]
[Result "1/2-1/2"]
[WhiteElo "2449"]
[BlackElo "2364"]

1.c4 c6 2.Nf3 d5 3.e3 Nf6 4.Nc3 a6 5.Qc2 e6 6.d4 c5 7.cxd5 exd5 8.Be2 Nc6
9.Ne5 Qc7 10.Nxc6 Qxc6 11.O-O Bd6 12.dxc5 Qxc5 13.Rd1 O-O 14.Qd3 Rd8 15.b3 Be6
16.Bb2 Bc7 17.Rac1 Qd6 18.g3 h5 19.Na4 Ne4 20.Bxh5 Bf5 21.Qd4 f6 22.Bf3 Qe7
23.Nc3 Be5 24.Qb6 Bxc3 25.Bxc3 Ng5 26.Bg2 Be4 27.h4 Nf3+ 28.Bxf3 Bxf3 29.Rd4 Rac8
30.Rf4 d4 31.Rxd4 Rxd4 32.Qxd4 Qe6 33.Kh2 Be4 34.Bb2 Rxc1 35.Bxc1 Qf5 36.Qc4+ Kh8
37.Qe2 Bf3 38.Qc4 Be4 39.Qe2 Bf3 40.Qc4 Be4  1/2-1/2

[Event "TCh-CZE Extraliga 2011-12"]
[Site "Czech Republic CZE"]
[Date "2011.10.09"]
[Round "2.2"]
[White "Jakubowski,K"]
[Black "Cifka,S"]
[Result "1-0"]
[WhiteElo "2491"]
[BlackElo "2409"]

1.c4 c6 2.Nf3 d5 3.e3 Nf6 4.Nc3 a6 5.b3 Bg4 6.h3 Bxf3 7.Qxf3 e5 8.g4 e4 9.Qg2 Be7
10.g5 Ng8 11.Bb2 h6 12.h4 Qd6 13.cxd5 cxd5 14.gxh6 Rxh6 15.Qxg7 Rg6 16.Qd4 Nf6
17.Qa4+ Nc6 18.Nb5 Qd8 19.Nd4 Nd7 20.h5 Rh6 21.Nxc6 bxc6 22.Rc1 Nc5 23.Rxc5 Bxc5
24.Bg7 Qg5 25.Bxh6 Qxh6 26.Qa5 Bf8 27.Qc7 Qf6 28.Rg1 Rd8 29.Be2 d4 30.Rg4 Qe6
31.Bc4 Rd5 32.Bxd5 cxd5 33.Rg8 Qh3 34.Qe5+ Kd7 35.Qxd5+ Bd6 36.Qb7+ Bc7 37.Qc8+  1-0

[Event "TCh-POL Ekstraliga"]
[Site "Katowice POL"]
[Date "2011.10.09"]
[Round "9"]
[White "Gdanski,J"]
[Black "Stoma,P"]
[Result "1-0"]
[WhiteElo "2543"]
[BlackElo "2326"]

1.c4 c6 2.d4 d5 3.Nf3 Nf6 4.Nc3 a6 5.a4 e6 6.g3 c5 7.cxd5 exd5 8.Bg2 Nc6
9.O-O Be7 10.dxc5 d4 11.Na2 Bxc5 12.b4 Nxb4 13.Nxb4 Bxb4 14.Ba3 Bxa3 15.Rxa3 Qe7
16.Qa1 O-O 17.Nxd4 Rd8 18.Rb3 a5 19.Rb5 Ne4 20.e3 Ra6 21.Qe1 Qe8 22.Rxa5 b6
23.Rb5 Rxa4 24.Rb4 Ra6 25.Qc1 Bb7 26.Qb2 Rd6 27.Qc2 Nc5 28.Bxb7 Nxb7 29.Qc7 Rd7
30.Qc6 Qd8 31.Rfb1 Rc7 32.Qf3 Rd7 33.Qc6 Rc7 34.Qf3 Rd7 35.Qg4 g6 36.Nc6 Qc7
37.Nb8  1-0

[Event "TCh-SWE 2011-12"]
[Site "Malmo SWE"]
[Date "2011.10.09"]
[Round "3"]
[White "Fendrich,D"]
[Black "Engqvist,T"]
[Result "0-1"]
[WhiteElo "2167"]
[BlackElo "2353"]

1.c4 c6 2.g3 d5 3.Nf3 Bg4 4.Bg2 e6 5.O-O Nd7 6.cxd5 exd5 7.b3 Ngf6 8.Bb2 Bd6
9.d3 O-O 10.Nbd2 Re8 11.Re1 Qb6 12.Qc2 Ne5 13.Nxe5 Bxe5 14.Bxe5 Rxe5 15.Nf3 Bxf3
16.Bxf3 Rae8 17.Rab1 d4 18.b4 Nd5 19.Bxd5 Rxd5 20.Red1 Re6 21.Rb2 h5 22.Kg2 Rde5
23.Re1 Qd8 24.Qc4 b5 25.Qc1 h4 26.Rc2 Qd5+ 27.f3 Re3 28.Kf2 Rf6 29.Qb2 hxg3+
30.hxg3 Rfxf3+ 31.exf3 Qxf3+  0-1

[Event "TCh-ISL Div1 2011-12"]
[Site "Reykjavik ISL"]
[Date "2011.10.09"]
[Round "4.2"]
[White "Kjartansson,G"]
[Black "Petursson,G"]
[Result "1-0"]
[WhiteElo "2314"]
[BlackElo "2124"]

1.c4 c6 2.d4 d5 3.Nf3 Nf6 4.Nc3 g6 5.e3 Bg7 6.Qb3 O-O 7.Bd2 dxc4 8.Bxc4 e6
9.O-O Nd5 10.e4 Nxc3 11.Bxc3 Qb6 12.Qa3 Qd8 13.Rad1 Nd7 14.Bb4 Re8 15.d5 exd5
16.exd5 c5 17.Bc3 Bxc3 18.Qxc3 Nb6 19.d6 Nxc4 20.Qxc4 b6 21.Qf4 Be6 22.Ne5 Rf8
23.d7 Qc7 24.Qf6 Qd8 25.Qxd8 Rfxd8 26.Rd6 f6 27.Nc6 Kf7 28.Re1  1-0

[Event "Continental Class Ch."]
[Site "Arlington USA"]
[Date "2011.10.10"]
[Round "9"]
[White "Smarty,Sylvester"]
[Black "Colas,Joshua"]
[Result "0-1"]
[WhiteElo "2104"]
[BlackElo "2025"]

1.c4 c6 2.g3 d5 3.Bg2 Nf6 4.d4 g6 5.Nf3 Bg7 6.O-O O-O 7.cxd5 cxd5 8.Qb3 Nc6
9.Nc3 e6 10.Rd1 Nd7 11.Bf4 a6 12.Rac1 Re8 13.Na4 Qe7 14.e3 h6 15.h4 Bf8 16.Rc3 Kg7
17.Rdc1 f6 18.Bc7 Qf7 19.Nb6 Nxb6 20.Bxb6 e5 21.Bc5 Be6 22.Qb6 e4 23.Nd2 g5
24.hxg5 fxg5 25.Nb3 h5 26.R3c2 h4 27.Bxf8+ Rxf8 28.Nc5 Bc8 29.b4 h3 30.Bh1 h2+
31.Kxh2 Rh8+ 32.Kg1 Rxh1+ 33.Kxh1 Qf3+ 34.Kh2 Bd7  0-1

[Event "49th ch-IND NatA"]
[Site "Aurangabad IND"]
[Date "2011.10.10"]
[Round "2"]
[White "Koshy,V"]
[Black "Sundararajan,K"]
[Result "1/2-1/2"]
[WhiteElo "2279"]
[BlackElo "2474"]

1.c4 c6 2.g3 d5 3.Nf3 Nf6 4.Bg2 dxc4 5.O-O Nbd7 6.Na3 Nb6 7.Qc2 Be6 8.Ng5 Bg4
9.f3 Bh5 10.Nxc4 Qd4+ 11.Ne3 e6 12.Nh3 Bg6 13.Qb3 Bd6 14.Nf2 h5 15.Nc2 Qc5
16.e4 e5 17.d3 h4 18.Be3 Qa5 19.g4 Nfd7 20.h3 f6 21.Rfc1 Bf7 22.Qc3 Qxc3
23.bxc3 Na4 24.Bd2 O-O-O 25.Bf1 Ndb6 26.Ne3 Bc5 27.Rc2 Rd7 28.Ng2 Rhd8 29.Be3 Bxe3
30.Nxe3 Nc5 31.Ng2 g5 32.Be2 Nba4 33.Rac1 b6 34.Ne3 Ne6 35.Ng2 Kb7 36.Kf1 Nec5
37.Ke1 b5 38.Ne3 Ne6 39.Nf5 a6 40.Bf1 c5 41.Ne3 Nb6 42.Be2 Nf4 43.c4 b4 44.Bf1 a5
45.Nd5 Rd6 46.Nd1 Ne6 47.Kf2 Nd4 48.Rb2 Rc8 49.N1e3 a4 50.Be2 a3 51.Rbb1 Ka6
52.Bd1 Ka5 53.Nxb6 Rxb6 54.Nd5 Rd6 55.Bb3 Rcd8 56.Rd1 Be8 57.Rd2 Ba4 58.Ke3 Bxb3
59.axb3 Rb8 60.Ra2 Rbd8 61.Rd2 Ka6 62.Ra2 Kb7 63.Kf2 Ne6 64.Rd1 Nd4 65.Rb1 Kc6
66.Ke3 Kd7 67.Kf2 Ke6 68.Ke3 Kf7 69.Kf2 Ne6 70.Rd1 Ra8 71.Ke3 Ra7 72.Rb1 Rad7
73.Rd1 Rd8 74.Kf2 Nf4 75.Nxf4 exf4 76.Ke2 Ke6 77.Rdd2 Ke5 78.Rd1 Kd4 79.Rc1 Ke5
80.Rd1 Re8 81.Kd2 Kd4 82.Rc1 Rd7 83.Ke2 Rf7 84.Kd2 Rd7 85.Ke2 Red8 86.Rd2 Ke5
87.Rcd1 Ra8 88.Ra2 Kd4 89.Rc1  1/2-1/2

[Event "Lichtenrader Autumn"]
[Site "Berlin GER"]
[Date "2011.10.10"]
[Round "3.20"]
[White "Hertwig,C"]
[Black "Boehnisch,M"]
[Result "0-1"]
[WhiteElo "2073"]
[BlackElo "2289"]

1.c4 c6 2.g3 d5 3.Nf3 Bg4 4.Bg2 e6 5.O-O Nd7 6.cxd5 exd5 7.d3 Ngf6 8.Qc2 Bd6
9.e4 O-O 10.h3 Bxf3 11.Bxf3 Re8 12.Nc3 d4 13.Ne2 c5 14.Bg2 Rc8 15.f4 c4 16.e5 Bxe5
17.fxe5 Nxe5 18.Nf4 g5 19.dxc4 gxf4 20.Bxf4 Rxc4 21.Qf5 Ned7 22.Rac1 Rxc1
23.Rxc1 Qb6 24.Rc7 Qe6 25.Qxe6 fxe6 26.g4 e5 27.Bh6 Nb6 28.Rg7+ Kh8 29.Rxb7 Re6
30.Rf7 Nfd7 31.Bg5 e4 32.Kf2 e3+ 33.Ke2 d3+  0-1

[Event "II Oliver Gonzalez Memorial"]
[Site "Madrid ESP"]
[Date "2011.10.10"]
[Round "3.33"]
[White "Tamaslacariu,I"]
[Black "Dominguez Carmona,M"]
[Result "1-0"]
[WhiteElo "1831"]
[BlackElo "2087"]

1.c4 c6 2.d4 d5 3.cxd5 cxd5 4.Nf3 Nf6 5.Nc3 Bf5 6.Bf4 e6 7.e3 Bd6 8.Bd3 Bxd3
9.Qxd3 Bxf4 10.exf4 g6 11.O-O O-O 12.Ne5 Nc6 13.g4 Nxe5 14.dxe5 Nxg4 15.Qh3 h5
16.Rad1 Qb6 17.Rd3 Qb4 18.Ne2 Qxb2 19.Ng3 Nxf2 20.Rxf2 Qb1+ 21.Nf1 Rac8 22.Rg3 Kh7
23.Rg5 Rg8 24.Rfg2 Qd1 25.R2g4 Kh6 26.Qh4 Rc1 27.Rxh5+ gxh5 28.Qf6+ Kh7 29.Qxf7+ Kh6
30.Qxe6+  1-0

[Event "20th TCh-CRO 1a"]
[Site "Sibenik CRO"]
[Date "2011.10.11"]
[Round "8.4"]
[White "Grachev,B"]
[Black "Erdos,V"]
[Result "1/2-1/2"]
[WhiteElo "2682"]
[BlackElo "2608"]

1.c4 c6 2.Nf3 d5 3.e3 Nf6 4.d4 g6 5.Bd3 Bg7 6.h3 O-O 7.O-O Bf5 8.Nc3 Bxd3
9.Qxd3 Nbd7 10.cxd5 cxd5 11.Bd2 Nb6 12.Rfc1 e6 13.b3 Qe7 14.Rc2 Rfc8 15.Rac1 Ne8
16.a4 Qd8 17.a5 Nd7 18.a6 bxa6 19.Qxa6 Qb6 20.Qa4 Qb7 21.Nb5 Rxc2 22.Rxc2 Bf8
23.Ne5 Ndf6 24.Ba5 Rb8 25.Nc7 Qxb3 26.Qxb3 Rxb3 27.Nxe8 Nxe8 28.Rc8 Nd6 29.Ra8 Rb7
30.Nc6 Kg7 31.Rxa7 Rxa7  1/2-1/2

[Event "20th TCh-CRO 1a"]
[Site "Sibenik CRO"]
[Date "2011.10.11"]
[Round "8.4"]
[White "Sulava,N"]
[Black "Novak,Rat"]
[Result "1-0"]
[WhiteElo "2540"]
[BlackElo "2162"]

1.c4 c6 2.d4 d5 3.Nf3 Nf6 4.Nc3 e6 5.g3 Bd6 6.Bg2 Nbd7 7.Nd2 Bc7 8.O-O O-O
9.b3 e5 10.cxd5 cxd5 11.Ba3 exd4 12.Nb5 Re8 13.Rc1 Bb8 14.Nf3 Nb6 15.Qc2 Bg4
16.Nfxd4 Be5 17.Nf3 Bxf3 18.Bxf3 a6 19.Nc7 Rc8 20.Nxe8 Rxc2 21.Nxf6+ Qxf6
22.Rxc2 h5 23.Rd1 h4 24.Bc5 hxg3 25.hxg3 g6 26.Kg2 Nd7 27.Rxd5 Nxc5 28.Rcxc5 b6
29.Rc6 Qe7 30.Rxb6 Kg7 31.Rxa6 Bc3 32.Rc6 Be1 33.Rc1 Bb4 34.Rb5 Bd6 35.Rb7 Qe5
36.Rc4 Qa5 37.Rd4 Be5 38.Rdd7 Kh6 39.Rxf7 Qa6 40.a4 Qe6 41.a5  1-0

[Event "49th ch-IND NatA"]
[Site "Aurangabad IND"]
[Date "2011.10.12"]
[Round "4"]
[White "Bakre,T"]
[Black "Deepan,C"]
[Result "1/2-1/2"]
[WhiteElo "2507"]
[BlackElo "2470"]

1.c4 c6 2.g3 d5 3.Nf3 Nf6 4.Bg2 g6 5.O-O Bg7 6.b3 O-O 7.Bb2 a5 8.d3 b6 9.Qc2 Bb7
10.Rc1 c5 11.cxd5 Bxd5 12.Nbd2 Na6 13.a3 Rc8 14.Nc4 Bb7 15.Be5 Ne8 16.Qb2 Bxe5
17.Qxe5 Nd6 18.Ne3 f6 19.Qb2 e5 20.Bh3 Rb8 21.Nd2 Kg7 22.Rf1 Nb5 23.Ndc4 Nd4
24.Rae1 Bc6 25.f4 b5 26.Nd2 exf4 27.Rxf4 Re8 28.Ndf1 h5 29.Rf2 Re5 30.Nc2 Qd6
31.Nxd4 cxd4 32.Nd2 Rbe8 33.Bg2 Bxg2 34.Rxg2 Nc5 35.Qc2 Qd5 36.b4 axb4 37.axb4 Na4
38.Rf2 Nc3 39.Nb1 Rc8 40.Nxc3 Rxc3 41.Qd2 Re3 42.Ref1 Qb3 43.Rxf6 Rc2 44.Rf7+ Kh6
45.Qd1 Qb2 46.R7f2 Rexe2 47.Rxe2 Rxe2 48.Qc1+ Qxc1 49.Rxc1 Rb2 50.Rc5 Rxb4
51.Rd5 Rb2 52.h4 Kg7 53.Rxd4 Kf6 54.Rd5 b4 55.Rb5 Ke6 56.Kf1 b3 57.Ke1 Kd6
58.Kd1 Rg2 59.Rxb3 Rxg3 60.Rb4 Rxd3+  1/2-1/2

[Event "TCh-ROU Superliga 2011"]
[Site "Brasov ROU"]
[Date "2011.10.12"]
[Round "5.5"]
[White "Vasilescu,L"]
[Black "Ionescu,M"]
[Result "1-0"]
[WhiteElo "2295"]
[BlackElo "2340"]

1.c4 c6 2.g3 d5 3.Bg2 Nf6 4.Nf3 Bg4 5.Ne5 Be6 6.cxd5 Bxd5 7.Nf3 Nbd7 8.Nc3 e6
9.O-O Be7 10.d3 Bxf3 11.Bxf3 O-O 12.Rb1 a5 13.a3 Re8 14.Qc2 Nd5 15.e4 Nc7
16.d4 Bg5 17.Rd1 Bxc1 18.Rbxc1 f6 19.b4 axb4 20.axb4 Qe7 21.Qb3 Kh8 22.Bg2 Ra6
23.d5 cxd5 24.exd5 exd5 25.Nxd5 Nxd5 26.Qxd5 Nf8 27.Qxb7 Qxb7 28.Bxb7 Rb6
29.Bc6 Reb8 30.b5 g5 31.Ra1 Ng6 32.Rd6  1-0

[Event "II Oliver Gonzalez Memorial"]
[Site "Madrid ESP"]
[Date "2011.10.12"]
[Round "5.15"]
[White "Adan Bermudez,S"]
[Black "Gadeo Colomina,F"]
[Result "1-0"]
[WhiteElo "2287"]
[BlackElo "2036"]

1.c4 c6 2.Nf3 Nf6 3.g3 d5 4.b3 Bg4 5.Bg2 e6 6.Bb2 Nbd7 7.O-O Bd6 8.d3 O-O
9.Nc3 Qe7 10.a3 a5 11.h3 Bh5 12.Qc2 Rfd8 13.e4 dxe4 14.Nxe4 Nxe4 15.dxe4 Bxf3
16.Bxf3 Be5 17.Be2 Bxb2 18.Qxb2 e5 19.b4 axb4 20.axb4 c5 21.Ra5 cxb4 22.Rb5 b6
23.Rxb4 Nc5 24.Rxb6 h6 25.Rb5 Rac8 26.Rb1 Rd4 27.Qb4 g6 28.Rb8 Rxb8 29.Qxb8+ Rd8
30.Qb4 Rd4 31.Ra1 Qc7 32.Ra8+ Kg7 33.Bg4 h5 34.Rc8 Qa7 35.Bf3 Ne6 36.Qb5 Kf6
37.Qe8 Qe7 38.Qh8+  1-0

[Event "Lichtenrader Autumn"]
[Site "Berlin GER"]
[Date "2011.10.14"]
[Round "7.9"]
[White "Major,Vitalij"]
[Black "Postler,R"]
[Result "1-0"]
[WhiteElo "2136"]
[BlackElo "2367"]

1.c4 c6 2.Nf3 d5 3.cxd5 cxd5 4.g3 Nc6 5.Bg2 Nf6 6.O-O g6 7.d4 Bg7 8.Nc3 O-O
9.Ne5 e6 10.Nxc6 bxc6 11.Qc2 Nd7 12.Rd1 e5 13.Na4 Qf6 14.Be3 Qe6 15.Rac1 exd4
16.Bxd4 Bxd4 17.Rxd4 Ne5 18.e4 Qf6 19.Qc3  1-0